Ahmedabad 600:Portraits of a City/ (Record no. 200849)

MARC details
000 -LEADER
fixed length control field 00639nam a22001937a 4500
005 - DATE AND TIME OF LATEST TRANSACTION
control field 20240216121729.0
010 ## - LCCN (DPL NO)
LC control number ENG-139327
020 ## - INTERNATIONAL STANDARD BOOK NUMBER
Terms of availability 2800.00
International Standard Book Number 9788192110608
035 ## - SYSTEM CONTROL NUMBER
System control number EN-122859
037 ## - SOURCE OF ACQUISITION
Source of stock number/acquisition DBAD/PUB
082 ## - DEWEY DECIMAL CLASSIFICATION NUMBER
Classification number 954.43
245 ## - TITLE STATEMENT
Title Ahmedabad 600:Portraits of a City/
Statement of responsibility, etc By Suchitra Balasubrahmanyan and Sharmila Sagara
260 ## - PUBLICATION, DISTRIBUTION, ETC. (IMPRINT)
Place of publication, distribution, etc Mumbai
Name of publisher, distributor, etc The Marg Foundation
Date of publication, distribution, etc 2011
270 ## - ADDRESS
Address Army & Navy Building (3rd floor) 148,M G Road
City Mumbai
Postal code 400001
300 ## - PHYSICAL DESCRIPTION
Extent 156p.
Dimensions 31cm(hb)
700 ## - ADDED ENTRY--PERSONAL NAME
Personal name Balasubrahmanyan Suchitra
9 (RLIN) 62211
700 ## - ADDED ENTRY--PERSONAL NAME
Personal name Sagara Sharmila
9 (RLIN) 62212
942 ## - ADDED ENTRY ELEMENTS (KOHA)
Source of classification or shelving scheme Dewey Decimal Classification
Item type English Books
Call number suffix AHM
Classification part 954.43
Holdings
Withdrawn status Lost status Not for loan Collection code Home library Current library Date acquired Source of acquisition Cost, normal purchase price Full call number Barcode Cost, replacement price Koha item type
    Not For Loan Reference Sarojini Nagar Sarojini Nagar 16/02/2024 DBAD/PUB 2800.00 AHM 954.43 EN-122859 2800.00 English Books

© Delhi Public Library
Hit Counter
free hit counter